000 00387nam a2200133Ia 4500
008 220217s9999||||xx |||||||||||||| ||und||
020 _a9788177224245
082 _a005.13 DES
100 _aDeshpande P.S and Kakde O.G
_98135
245 0 _aC and datastructure
260 _aDreamtech India pvt. Ltd.
_bNew Delhi
_c2011
300 _aXV, 700p.
_b349
650 _aPROGRAMMING LANGUAGE
999 _c182827
_d182827